000
00220nam a2200097Ia 4500
008
240331s9999 xx 000 0 und d
082
_b
DAN
100
_a
Dangwal, P
245
0
_a
I dare Kiran Bedi :
_b
a biography
942
_c
L
999
_c
4453
_d
4453